[Event "HUN-chT2 Szechenyi 2324"]
[Site "Hungary"]
[Date "2024.03.10"]
[Round "6.3"]
[White "Rozsa, Peter"]
[Black "Domonkos, Tamas"]
[Result "1/2-1/2"]
[WhiteElo "2050"]
[BlackElo "1932"]
[PlyCount "63"]
[EventDate "2023.10.08"]
[EventType "team-tourn"]
[EventRounds "9"]
[EventCountry "HUN"]
[SourceTitle "EXT 2025"]
[Source "ChessBase"]
[SourceDate "2024.10.14"]
[SourceVersion "1"]
[SourceVersionDate "2024.10.14"]
[SourceQuality "1"]
[WhiteTeam "Keszthely Spartacus"]
[BlackTeam "Tapolca VSE II"]
[WhiteTeamCountry "HUN"]
[BlackTeamCountry "HUN"]

1. b3 e5 2. Bb2 d6 3. e3 Nf6 4. c4 Be7 5. Nf3 0-0 6. d4 e4 7. Nfd2 c6 8. Nc3 d5 9. Be2 Be6 10. Qc2 Nbd7 11. 0-0 Rc8 12. c5 Qc7 13. f3 exf3 14. gxf3 Bh3 15. Rf2 Rfe8 16. Bf1 Bxf1 17. Nxf1 Nf8 18. b4 Qd7 19. Ne2 Ng6 20. Neg3 Qh3 21. Qf5 Qh6 22. Kh1 Rcd8 23. Re1 Nh4 24. Qh3 Qg6 25. Bc1 Kh8 26. Ne2 Nh5 27. Nfg3 Nxg3+ 28. hxg3 Nf5 29. g4 Nh4 30. Nf4 Qf6 31. Rg1 g5 32. Nh5 1/2-1/2

[Event "HUN-chT2 Szechenyi 2324"]
[Site "Hungary"]
[Date "2024.03.03"]
[Round "5.3"]
[White "Balka, Richard"]
[Black "Rozsa, Peter"]
[Result "1/2-1/2"]
[WhiteElo "2082"]
[BlackElo "2050"]
[PlyCount "50"]
[EventDate "2023.10.08"]
[EventType "team-tourn"]
[EventRounds "9"]
[EventCountry "HUN"]
[SourceTitle "EXT 2025"]
[Source "ChessBase"]
[SourceDate "2024.10.14"]
[SourceVersion "1"]
[SourceVersionDate "2024.10.14"]
[SourceQuality "1"]
[WhiteTeam "Sarvar"]
[BlackTeam "Keszthely Spartacus"]
[WhiteTeamCountry "HUN"]
[BlackTeamCountry "HUN"]

1. e4 g6 2. d4 c6 3. Nc3 d5 4. h3 Bg7 5. Nf3 dxe4 6. Nxe4 Nd7 7. Bd3 Ngf6 8. Nxf6+ Nxf6 9. 0-0 0-0 10. Re1 Bf5 11. Bxf5 gxf5 12. c3 e6 13. Bf4 Re8 14. Qe2 Qe7 15. Rad1 Rad8 16. Bg5 Qf8 17. Rd3 Rd5 18. Bf4 Rc8 19. Ne5 c5 20. dxc5 Rcxc5 21. Red1 Rxd3 22. Rxd3 Rd5 23. Re3 Ne4 24. Nf3 Qd8 25. g4 fxg4 1/2-1/2

[Event "HUN-chT2 Szechenyi 2223"]
[Site "Hungary"]
[Date "2023.02.12"]
[Round "5.3"]
[White "Rozsa, Peter"]
[Black "Szinavel, Zsolt"]
[Result "1-0"]
[WhiteElo "2038"]
[BlackElo "2116"]
[PlyCount "93"]
[EventDate "2022.11.20"]
[EventType "team-tourn"]
[EventRounds "9"]
[EventCountry "HUN"]
[SourceTitle "EXT 2025"]
[Source "ChessBase"]
[SourceDate "2024.10.14"]
[SourceVersion "1"]
[SourceVersionDate "2024.10.14"]
[SourceQuality "1"]
[WhiteTeam "Spartacus Sportkor"]
[BlackTeam "Kisber Aszar"]
[WhiteTeamCountry "HUN"]
[BlackTeamCountry "HUN"]

1. d4 d6 2. e4 Nf6 3. Nc3 g6 4. f4 Bg7 5. e5 dxe5 6. dxe5 Qxd1+ 7. Kxd1 Ng4 8. Ke1 c6 9. h3 Nh6 10. g4 f6 11. exf6 exf6 12. Bc4 f5 13. g5 Nf7 14. Be3 Nd6 15. Bb3 b6 16. Rd1 Ke7 17. Rh2 Ba6 18. Nf3 Bxc3+ 19. bxc3 Ne4 20. Bd4 Re8 21. c4 c5 22. Be5 Nd7 23. Ba4 Nxe5 24. Nxe5 Nc3 25. Rd7+ Kf8 26. Rf7+ Kg8 27. Bxe8 Rxe8 28. Rxa7 Bxc4 29. Rd2 Be6 30. Kf1 Nxa2 31. Nd7 Bxd7 32. Rdxd7 Nc3 33. Rg7+ Kh8 34. Rxh7+ Kg8 35. Rag7+ Kf8 36. Rf7+ Kg8 37. Rhg7+ Kh8 38. Rxg6 Nd5 39. Rd6 Ne3+ 40. Kf2 Nxc2 41. Rxb6 Ne3 42. Rd7 c4 43. Rc6 Kg8 44. Rcc7 Kh8 45. Rh7+ Kg8 46. Rcg7+ Kf8 47. Rh8+ 1-0

[Event "HUN-chT2 Szechenyi 2223"]
[Site "Hungary"]
[Date "2023.01.29"]
[Round "4.3"]
[White "Balka, Richard"]
[Black "Rozsa, Peter"]
[Result "1-0"]
[WhiteElo "2030"]
[BlackElo "2049"]
[PlyCount "63"]
[EventDate "2022.11.20"]
[EventType "team-tourn"]
[EventRounds "9"]
[EventCountry "HUN"]
[SourceTitle "EXT 2025"]
[Source "ChessBase"]
[SourceDate "2024.10.14"]
[SourceVersion "1"]
[SourceVersionDate "2024.10.14"]
[SourceQuality "1"]
[WhiteTeam "Sarvar"]
[BlackTeam "Spartacus Sportkor"]
[WhiteTeamCountry "HUN"]
[BlackTeamCountry "HUN"]

1. e4 e6 2. d4 d5 3. Nd2 Nf6 4. e5 Nfd7 5. Bd3 c5 6. c3 Nc6 7. Ne2 cxd4 8. cxd4 Nb6 9. 0-0 Bd7 10. Nf3 Nb4 11. Bb1 Bb5 12. Re1 Bxe2 13. Rxe2 Be7 14. a3 Nc6 15. Bd3 Qd7 16. Rc2 a6 17. b4 Na7 18. Bd2 Bd8 19. Qe2 Rc8 20. Rxc8 Nbxc8 21. Ng5 g6 22. Qg4 Ne7 23. Qf4 Nf5 24. Nf3 Bb6 25. g4 Ng7 26. Qh6 Kf8 27. Bg5 Nc6 28. Bf6 Rg8 29. Ng5 Bxd4 30. Bxg7+ Rxg7 31. Nxh7+ Ke7 32. Qxg7 1-0

[Event "HUN-chT2 Szechenyi 2122"]
[Site "Hungary"]
[Date "2022.01.30"]
[Round "5.3"]
[White "Rozsa, Peter"]
[Black "Domonkos, Daniel"]
[Result "0-1"]
[WhiteElo "2052"]
[BlackElo "1935"]
[PlyCount "56"]
[EventDate "2021.10.10"]
[EventType "team-tourn"]
[EventRounds "9"]
[EventCountry "HUN"]
[SourceTitle "EXT 2025"]
[Source "ChessBase"]
[SourceDate "2024.10.14"]
[SourceVersion "1"]
[SourceVersionDate "2024.10.14"]
[SourceQuality "1"]
[WhiteTeam "Spartacus Sportkor"]
[BlackTeam "Ezust Huszar"]
[WhiteTeamCountry "HUN"]
[BlackTeamCountry "HUN"]

1. g3 d5 2. Bg2 c5 3. Nf3 Nc6 4. 0-0 e5 5. d3 Nf6 6. Bg5 h6 7. Bxf6 Qxf6 8. Nfd2 Be6 9. Nc3 Rd8 10. e4 d4 11. Ne2 g5 12. f4 gxf4 13. gxf4 exf4 14. Nxf4 Bd6 15. Nxe6 Qxe6 16. Nc4 Bc7 17. Qh5 Rg8 18. Rf2 Rg5 19. Qh4 b5 20. Nd2 Qg6 21. e5 Nxe5 22. Re1 Kf8 23. Qe4 Qh5 24. Kf1 Ng4 25. Qe7+ Kg7 26. Qxc7 Nxf2 27. Qxd8 Qxh2 28. Qa8 Nh3 0-1

[Event "HUN-chT2 Szechenyi 2122"]
[Site "Hungary"]
[Date "2021.10.10"]
[Round "1.4"]
[White "Rozsa, Peter"]
[Black "Deak, Laszlo"]
[Result "1-0"]
[WhiteElo "2031"]
[BlackElo "1884"]
[PlyCount "73"]
[EventDate "2021.10.10"]
[EventType "team-tourn"]
[EventRounds "9"]
[EventCountry "HUN"]
[SourceTitle "EXT 2025"]
[Source "ChessBase"]
[SourceDate "2024.10.14"]
[SourceVersion "1"]
[SourceVersionDate "2024.10.14"]
[SourceQuality "1"]
[WhiteTeam "Spartacus Sportkor"]
[BlackTeam "Csuti Baki Agrocentrum"]
[WhiteTeamCountry "HUN"]
[BlackTeamCountry "HUN"]

1. Nf3 d6 2. d4 Bg4 3. g3 Bxf3 4. exf3 Nd7 5. Bg2 Ngf6 6. 0-0 g6 7. c4 Bg7 8. Nc3 0-0 9. Be3 e5 10. d5 Nb6 11. b3 Nh5 12. Rc1 c5 13. dxc6 bxc6 14. c5 dxc5 15. Bxc5 Qxd1 16. Rfxd1 Rfd8 17. Bf1 Nf6 18. Ba6 Nfd5 19. Ne4 Rd7 20. Ba3 f5 21. Nc5 Rf7 22. Bb7 Rd8 23. Bxc6 Bh6 24. Rc2 Rf6 25. Nb7 Rb8 26. Bxd5+ Nxd5 27. Rxd5 Rxb7 28. Rxe5 Kf7 29. Ra5 Re6 30. Bc5 Rc6 31. Rc4 a6 32. Rca4 Bd2 33. b4 g5 34. a3 Rb5 35. Rxa6 Rxa6 36. Rxa6 Rb7 37. Be3 1-0

[Event "HUN-chT2 Szechenyi 1819"]
[Site "Hungary"]
[Date "2019.04.28"]
[Round "9.3"]
[White "Rozsa, Peter"]
[Black "Farkas, Zsolt"]
[Result "1/2-1/2"]
[WhiteElo "2063"]
[BlackElo "2148"]
[PlyCount "37"]
[EventDate "2018.10.28"]
[EventType "team-tourn"]
[EventRounds "9"]
[EventCountry "HUN"]
[SourceTitle "EXT 2021"]
[Source "ChessBase"]
[SourceDate "2020.10.23"]
[SourceVersion "1"]
[SourceVersionDate "2020.10.23"]
[SourceQuality "1"]
[WhiteTeam "Keszthely Spartacus"]
[BlackTeam "Csuti Baki Agrocentrum"]
[WhiteTeamCountry "HUN"]
[BlackTeamCountry "HUN"]

1. Nc3 d6 2. d4 g6 3. e4 Bg7 4. f4 Nf6 5. e5 Nfd7 6. Ne4 0-0 7. Be3 Nb6 8. Nf3 f6 9. Bd3 dxe5 10. dxe5 Nc6 11. Qe2 fxe5 12. Nxe5 Nxe5 13. fxe5 Bxe5 14. 0-0-0 Qe8 15. Bh6 Bg7 16. Bxg7 Kxg7 17. Nc5 e5 18. Rhe1 Nd7 19. Nxd7 1/2-1/2

[Event "HUN-chT2 Szechenyi 1718"]
[Site "Hungary"]
[Date "2018.02.18"]
[Round "6.3"]
[White "Rozsa, Peter"]
[Black "Frank, Jozsef1"]
[Result "1-0"]
[WhiteElo "2075"]
[BlackElo "2073"]
[PlyCount "93"]
[EventDate "2017.10.29"]
[EventType "team-tourn"]
[EventRounds "9"]
[EventCountry "HUN"]
[SourceTitle "EXT 2021"]
[Source "ChessBase"]
[SourceDate "2020.10.23"]
[SourceVersion "1"]
[SourceVersionDate "2020.10.23"]
[SourceQuality "1"]
[WhiteTeam "Keszthely Spartacus"]
[BlackTeam "Gyor Elektromos"]
[WhiteTeamCountry "HUN"]
[BlackTeamCountry "HUN"]

1. e4 c5 2. f4 e5 3. Bc4 d6 4. d3 Nc6 5. Nf3 Bg4 6. h3 Bxf3 7. Qxf3 Qh4+ 8. Qf2 Qxf2+ 9. Kxf2 Nf6 10. fxe5 Nxe5 11. Bb5+ Kd8 12. Bf4 a6 13. Bxe5 dxe5 14. Bc4 Ke8 15. a4 Bd6 16. Nc3 Bc7 17. Rhf1 Rf8 18. g3 Ba5 19. Nd1 Bd2 20. Ke2 Bh6 21. Rf5 Nd7 22. Rh5 Nf6 23. Rxe5+ Kd8 24. Rxc5 g6 25. Bd5 Rb8 26. Ne3 Bxe3 27. Kxe3 b6 28. Rc6 Nxd5+ 29. exd5 Re8+ 30. Kd2 Re5 31. c4 Rg5 32. g4 h5 33. Rf1 Rb7 34. Rf4 b5 35. Kc3 f5 36. gxf5 gxf5 37. axb5 axb5 38. b3 bxc4 39. bxc4 Ra7 40. Rf3 h4 41. Rf6 Rg3 42. R6xf5 Ra1 43. Kd4 Rh1 44. Rf8+ Kc7 45. R3f7+ Kb6 46. c5+ Ka5 47. Ra7+ 1-0

[Event "HUN-chT2 Szechenyi 1314"]
[Site "Hungary"]
[Date "2014.03.08"]
[Round "8.3"]
[White "Rozsa, Peter"]
[Black "Simo, Judit"]
[Result "1/2-1/2"]
[WhiteElo "2123"]
[BlackElo "2000"]
[PlyCount "27"]
[EventDate "2013.09.08"]
[EventType "team-tourn"]
[EventRounds "11"]
[EventCountry "HUN"]
[SourceTitle "EXT 2016"]
[Source "ChessBase"]
[SourceDate "2015.10.08"]
[SourceVersion "1"]
[SourceVersionDate "2015.10.08"]
[SourceQuality "1"]
[WhiteTeam "Keszthely Spartacus"]
[BlackTeam "Tapolca II"]
[WhiteTeamCountry "HUN"]
[BlackTeamCountry "HUN"]

1. d4 Nf6 2. Nc3 e6 3. e4 Bb4 4. Bd3 d5 5. exd5 Nxd5 6. Bd2 c5 7. dxc5 Nxc3 8. bxc3 Bxc5 9. Qg4 Qf6 10. Nf3 Nc6 11. 0-0 e5 12. Qc4 Bd6 13. Qe4 g6 14. Bg5 1/2-1/2

[Event "HUN-chT2 Szechenyi 1213"]
[Site "Hungary"]
[Date "2013.04.07"]
[Round "10.2"]
[White "Rozsa, Peter"]
[Black "Nagy, Kristof"]
[Result "1/2-1/2"]
[WhiteElo "2155"]
[BlackElo "2058"]
[PlyCount "36"]
[EventDate "2012.09.16"]
[EventType "team-tourn"]
[EventRounds "11"]
[EventCountry "HUN"]
[SourceTitle "EXT 2014"]
[Source "ChessBase"]
[SourceDate "2013.11.20"]
[SourceVersion "1"]
[SourceVersionDate "2013.11.20"]
[SourceQuality "1"]
[WhiteTeam "Keszthely"]
[BlackTeam "Zalaegerszeg Bagi"]
[WhiteTeamCountry "HUN"]
[BlackTeamCountry "HUN"]

1. d4 d5 2. Nc3 c6 3. Bf4 Nf6 4. e3 Bf5 5. Bd3 e6 6. Nge2 Bd6 7. Qd2 Qc7 8. Bxd6 Qxd6 9. Ng3 Bg6 10. 0-0 Nbd7 11. Rad1 0-0 12. Bxg6 hxg6 13. e4 dxe4 14. Rfe1 Rad8 15. Ncxe4 Nxe4 16. Nxe4 Qe7 17. Qf4 Nf6 18. Qh4 Rd5 1/2-1/2

[Event "HUN-chT2 Szechenyi 1112"]
[Site "Hungary"]
[Date "2012.04.22"]
[Round "9.2"]
[White "Nagy, Zoltan"]
[Black "Rozsa, Peter"]
[Result "1/2-1/2"]
[WhiteElo "2241"]
[BlackElo "2200"]
[PlyCount "20"]
[EventDate "2011.09.25"]
[EventType "team-tourn"]
[EventRounds "11"]
[EventCountry "HUN"]
[SourceTitle "EXT 2013"]
[Source "ChessBase"]
[SourceDate "2012.11.22"]
[SourceVersion "1"]
[SourceVersionDate "2012.11.22"]
[SourceQuality "1"]
[WhiteTeam "Tapolca"]
[BlackTeam "Keszthely"]
[WhiteTeamCountry "HUN"]
[BlackTeamCountry "HUN"]

1. e4 e6 2. d4 d5 3. Nd2 c5 4. exd5 exd5 5. Bb5+ Nc6 6. Qe2+ Qe7 7. dxc5 Qxe2+ 8. Nxe2 Bxc5 9. Nb3 Bb6 10. 0-0 Nge7 1/2-1/2

[Event "HUN-chT2 Szechenyi 1011"]
[Site "Hungary"]
[Date "2010.09.12"]
[Round "1.2"]
[White "Gyarmati, Janos"]
[Black "Rozsa, Peter"]
[Result "1/2-1/2"]
[WhiteElo "2023"]
[BlackElo "2223"]
[PlyCount "62"]
[EventDate "2010.09.12"]
[EventType "team-tourn"]
[EventRounds "11"]
[EventCountry "HUN"]
[SourceTitle "EXT 2012"]
[Source "ChessBase"]
[SourceDate "2011.11.24"]
[SourceVersion "1"]
[SourceVersionDate "2011.11.24"]
[SourceQuality "1"]
[WhiteTeam "Tapolca"]
[BlackTeam "Spartacus"]
[WhiteTeamCountry "HUN"]
[BlackTeamCountry "HUN"]

1. e4 e6 2. d4 d5 3. exd5 exd5 4. Nf3 Nc6 5. Bb5 Bd6 6. c4 dxc4 7. d5 a6 8. Ba4 b5 9. dxc6 bxa4 10. 0-0 Ne7 11. Qxa4 0-0 12. Nbd2 Rb8 13. a3 c3 14. Nc4 Be6 15. bxc3 Bxc4 16. Qxc4 Rb6 17. Bg5 Qa8 18. Bxe7 Bxe7 19. Ne5 Bd6 20. Rfe1 Bxe5 21. Rxe5 Rxc6 22. Rc5 Rxc5 23. Qxc5 Qb7 24. Re1 h6 25. h3 Qb6 26. Qxb6 cxb6 27. Rb1 b5 28. a4 bxa4 29. Ra1 Rc8 30. Rxa4 Rxc3 31. Rxa6 Rc2 1/2-1/2

[Event "HUN-chT2 Szechenyi 0910"]
[Site "Hungary"]
[Date "2010.04.18"]
[Round "10.2"]
[White "Rozsa, Peter"]
[Black "Frank, Jozsef1"]
[Result "1-0"]
[WhiteElo "2207"]
[BlackElo "2188"]
[PlyCount "122"]
[EventDate "2009.11.08"]
[EventType "team-tourn"]
[EventRounds "11"]
[EventCountry "HUN"]
[SourceTitle "EXT 2011"]
[Source "ChessBase"]
[SourceDate "2010.11.26"]
[SourceVersion "1"]
[SourceVersionDate "2010.11.26"]
[SourceQuality "1"]
[WhiteTeam "Keszthely"]
[BlackTeam "Gyor Elektromos"]
[WhiteTeamCountry "HUN"]
[BlackTeamCountry "HUN"]

1. e4 e5 2. Nf3 d6 3. d4 Qe7 4. Nc3 c6 5. dxe5 dxe5 6. Bc4 Be6 7. Nxe5 b5 8. Bd3 g6 9. Nf3 Bg7 10. 0-0 Nd7 11. Re1 Ne5 12. Bf4 Bg4 13. Bxe5 Bxe5 14. h3 Bxf3 15. Qxf3 Nf6 16. Rab1 0-0 17. Ne2 Nh5 18. c3 Rad8 19. Rbd1 Rd6 20. Bc2 Rf6 21. Qe3 Bc7 22. g3 Bb6 23. Nd4 c5 24. e5 cxd4 25. exf6 Qxe3 26. fxe3 dxe3 27. Kg2 Nxf6 28. Rd6 Kg7 29. Kf3 Re8 30. Rxb6 axb6 31. Rxe3 Rc8 32. Bd3 Rc5 33. Re7 Rd5 34. Bc2 Nd7 35. Bb3 Rf5+ 36. Ke3 Nc5 37. Bc2 Rf1 38. Kd2 Rg1 39. g4 Rh1 40. Re3 Rh2+ 41. Kc1 Rf2 42. Bd1 Kf6 43. Be2 Kg5 44. Bxb5 Kh4 45. Bc4 f5 46. gxf5 gxf5 47. b4 Ne4 48. Be6 Kg5 49. a4 Kf4 50. Rd3 Ke5 51. Bg8 Nf6 52. Bc4 f4 53. a5 bxa5 54. bxa5 Rg2 55. a6 Rg7 56. Bb5 Ke4 57. Rd6 Nd5 58. Bc6 f3 59. Rxd5 f2 60. Rd1+ Ke3 61. Bb5 h5 1-0

[Event "HUN-chT2 Szechenyi 0809"]
[Site "Hungary"]
[Date "2009.02.22"]
[Round "8.3"]
[White "Rozsa, Peter"]
[Black "Oltean, Gusztav"]
[Result "1-0"]
[WhiteElo "2233"]
[BlackElo "2116"]
[PlyCount "111"]
[EventDate "2008.10.26"]
[EventType "tourn"]
[EventRounds "11"]
[EventCountry "HUN"]
[SourceTitle "EXT 2010"]
[Source "ChessBase"]
[SourceDate "2010.11.25"]
[SourceVersion "1"]
[SourceVersionDate "2010.11.25"]
[SourceQuality "1"]
[WhiteTeam "Keszthely"]
[BlackTeam "Veszprem"]
[WhiteTeamCountry "HUN"]
[BlackTeamCountry "HUN"]

1. e4 c5 2. Nc3 e6 3. f4 a6 4. Nf3 b5 5. Qe2 Nc6 6. d3 Nd4 7. Qf2 Nxf3+ 8. Qxf3 Bb7 9. Be2 b4 10. Nd1 Nf6 11. Qg3 d5 12. e5 Nd7 13. 0-0 g6 14. Bd2 Be7 15. Nf2 h5 16. a3 a5 17. axb4 axb4 18. Rxa8 Qxa8 19. Qh3 Rg8 20. Qg3 h4 21. Qg4 Qa2 22. Bc1 Rh8 23. Qf3 Qa7 24. Kh1 Qa8 25. Qh3 Qa4 26. b3 Qa2 27. Bd1 Qa1 28. Be3 Kd8 29. Qg4 Kc7 30. Nh3 Qa8 31. Kg1 d4 32. Bd2 Rh7 33. Ng5 Bxg5 34. fxg5 h3 35. gxh3 Qh8 36. Bf3 Nxe5 37. Bf4 Bxf3 38. Qxf3 Kb6 39. Qe4 Nc6 40. Ra1 Qc8 41. h4 Qd7 42. Bg3 Rh8 43. Qf4 e5 44. Qf6 Re8 45. Rf1 Re7 46. Qh8 Qg4 47. Qf8 Qd7 48. Rf6 Kb7 49. Rf1 Kc7 50. Ra1 Kd6 51. Ra6 Kd5 52. Qh8 Qg4 53. Qf6 Qe6 54. Qf1 e4 55. dxe4+ Qxe4 56. Qc4# 1-0

[Event "HUN-chT2 Szechenyi 0809"]
[Site "Hungary"]
[Date "2008.12.21"]
[Round "4.3"]
[White "Gadacsi, Miklos Jr"]
[Black "Rozsa, Peter"]
[Result "1-0"]
[WhiteElo "2096"]
[BlackElo "2233"]
[PlyCount "71"]
[EventDate "2008.10.26"]
[EventType "tourn"]
[EventRounds "11"]
[EventCountry "HUN"]
[SourceTitle "EXT 2010"]
[Source "ChessBase"]
[SourceDate "2010.11.25"]
[SourceVersion "1"]
[SourceVersionDate "2010.11.25"]
[SourceQuality "1"]
[WhiteTeam "Tapolca II"]
[BlackTeam "Keszthely"]
[WhiteTeamCountry "HUN"]
[BlackTeamCountry "HUN"]

1. e4 c6 2. d4 d5 3. e5 g6 4. h3 h5 5. Nf3 Nh6 6. Nc3 Bg7 7. Bf4 b5 8. Bd3 Na6 9. Ng5 Nc7 10. 0-0 Ne6 11. Ne2 a5 12. c3 0-0 13. Qd2 Nxf4 14. Nxf4 e6 15. h4 Qe8 16. Qe2 Ra7 17. Rfe1 Kh8 18. g3 Rg8 19. Kg2 Bf8 20. a3 Be7 21. b4 Kg7 22. Bc2 Rh8 23. Qf3 Nf5 24. Nfh3 Bd8 25. Qf4 Qe7 26. Ng1 Qb7 27. N1f3 Qa8 28. Bxf5 exf5 29. e6 fxe6 30. Nxe6+ Bxe6 31. Rxe6 Bf6 32. Rae1 Rf8 33. Ng5 axb4 34. axb4 Qb7 35. Qd6 Ra6 36. Re7+ 1-0